ბათუმის შოთა რუსთაველის სახელმწიფო უნივერსიტეტის ბიბლიოთეკა

ხანმეტ და ჰაემეტ ტექსტებში დადასტურებულ ზმნის პირიან ფორმათა საძიებლები (ბიბ.ჩანაწერი № 51055)

000 -LEADER
fixed length control field 00946nam a2200217Ia 4500
001 - CONTROL NUMBER
control field 18012
003 - CONTROL NUMBER IDENTIFIER
control field GE_BSU
008 - FIXED-LENGTH DATA ELEMENTS--GENERAL INFORMATION
fixed length control field 181216s||||||||xx |||||||||||||| ||und||
040 ## - CATALOGING SOURCE
Transcribing agency GE_BSU
080 ## - UNIVERSAL DECIMAL CLASSIFICATION NUMBER
Universal Decimal Classification number 811.353.1'367.625
100 ## - MAIN ENTRY--PERSONAL NAME
Personal name სარჯველაძე, ზურაბ
245 ## - TITLE STATEMENT
Title ხანმეტ და ჰაემეტ ტექსტებში დადასტურებულ ზმნის პირიან ფორმათა საძიებლები
260 ## - PUBLICATION, DISTRIBUTION, ETC.
Place of publication, distribution, etc. თბილისი
260 ## - PUBLICATION, DISTRIBUTION, ETC.
Name of publisher, distributor, etc. მეცნიერება
260 ## - PUBLICATION, DISTRIBUTION, ETC.
Date of publication, distribution, etc. 1971
300 ## - PHYSICAL DESCRIPTION
Extent 150გვ. ; 20სმ.
653 ## - INDEX TERM--UNCONTROLLED
Uncontrolled term ზმნა ქართულ ენაში;
653 ## - INDEX TERM--UNCONTROLLED
Uncontrolled term ხანმეტ და ჰაემეტ ტექსტებში დადასტურებულ ზმნის პირიან ფორმათა საძიებლები
942 ## - ADDED ENTRY ELEMENTS (KOHA)
Koha item type წიგნი
ეგზემპლარები
Withdrawn status Lost status Damaged status Not for loan Date acquired Barcode Date last seen Price effective from Koha item type
        2018-12-17 45945 2018-12-17 2018-12-17 წიგნი